Datendrucker

Na minha lista:
Detalhes bibliográficos
Autor principal: Proebster, Walter E.
Outros Autores: Louis, Helmut P., Eissfeldt, Erich
Formato: Livro
Idioma:alemão
Publicado em: München Oldenbourg 1992
Edição:1. Aufl.
Colecção:Handbuch der Informatik Bd.2.3
Assuntos:
Tags: Adicionar Tag
Sem tags, seja o primeiro a adicionar uma tag!

MARC

LEADER 00000nam a2200000 4500
001 c010032
005 20221206084655.4
020 |a 3-486-20777-6 
041 0 |a ger 
044 |a DE 
245 1 0 |a Datendrucker  |c Walter E. Proebster, Helmut P. Louis, Erich Eissfeldt 
250 |a 1. Aufl. 
264 1 |a München  |b Oldenbourg  |c 1992 
300 |a 218 s. 
490 1 |a Handbuch der Informatik  |v Bd.2.3 
830 0 |a Handbuch der Informatik  |v Bd.2.3 
610 2 0 |a tlačiarne 
610 2 0 |a písmo 
610 2 0 |a zariadenia počítača výstupné 
610 2 0 |a zariadenia počítača periférne 
610 2 0 |a hardvér 
610 2 0 |a technika 
610 2 0 |a tlač 
100 1 |a Proebster, Walter E. 
700 1 |a Louis, Helmut P. 
700 1 |a Eissfeldt, Erich